000 00909nam a22002537a 4500
999 _c16707
_d16707
003 AR-CdUCM
008 190504b ||||| |||| 00| 0 spa d
040 _aMUNICIPALIDAD PROVINCIAL DEL CUSCO
_cBIBLIOTECA MUNICIPAL DEL CUSCO
041 _heng
082 _a301.7 /
_bC546
100 _aChesser, Eustage
_936303
245 _aEstudio de las relaciones humanas /
260 _aMexico :
_bAzteca,
_c1959.
300 _a467 paginas ;
_c20 cm.
500 _aEstudio sobre las relaciones humanas
505 _aContenido: la escala de la vida -- el niƱo antes de nacer -- las relaciones humanas -- el desarrollo de la mente -- el desarrollo del ego -- las relaciones con la familia...
650 _aRelaciones
_932387
650 _aHumanas
_936304
650 _aHistoria
_9136
650 _aLiteratura
_983
700 _aCastellanos P, Betty
_936305
942 _2ddc
_cLIBROS
945 _apjha
_d2019-05-04